MARC

LEADER 00000nas a2200000 a 4500
001 ssj0007894
003 WaSeSS
005 20200512172242.0
006 m d
007 cr n
008 971110c19939999enkmr pss 0 0eng c
010 |a  00238783   |z  2002242056 
015 |a GBB351015  |2 bnb 
016 7 |a 012431908  |2 Uk 
022 |a 1360-0443  |l 0965-2140  |y 0965-2140 
035 |a (WaSeSS)ssj0007894 
040 |a F#A  |b eng  |c F#A  |d OCL  |d IUL  |d EYM  |d MXC  |d OCLCQ  |d GUA  |d OCLCQ  |d FQM  |d MYG  |d OCLCQ  |d OCL  |d MUQ  |d UBY  |d OCLCQ  |d OCLCO  |d OCLCQ  |d OCLCF  |d OCLCO  |d OCLCQ  |d NLGGC  |d OCLCQ  |d OCLCO  |d OCLCQ  |d AUSSH  |d Z5A  |d OCLCO  |d WT2  |d OCLCQ  |d BUF  |d OCLCQ  |d TOF  |d WYU  |d UKMGB  |d VT2  |d OCLCQ  |d U3W  |d OCLCO  |d NJT  |d OCLCQ  |d OCLCO  |d OCLCA  |d WaSeSS 
042 |a pcc 
050 1 0 |a HV5800 
060 4 |a INTERNET 
082 0 4 |a 362.29 
130 0 |a Addiction (Abingdon, England : Online) 
245 1 0 |a Addiction  |h [electronic resource]. 
260 |a [Oxford] :  |b Blackwell Pub.,  |c <1995-> 
310 |a Monthly 
362 1 |a Print began with vol. 88, no. 1 (Jan. 1993). 
506 |a License restrictions may limit access. 
525 |a Has supplements. 
538 |a Mode of access: World Wide Web. 
550 |a Issued by: Society for the Study of Addiction to Alcohol and Other Drugs. 
588 0 |a Vol. 90, issue 1 (Jan. 1995); title from contents screen (Synergy, viewed Apr. 30, 2004). 
588 1 |a Vol. 99, issue 5 (May 2004), viewed Apr. 30, 2004. 
650 0 |a Alcoholism  |v Periodicals. 
650 0 |a Drug addiction  |v Periodicals. 
650 2 |a Substance-Related Disorders. 
650 2 |a Tobacco Use Disorder. 
650 6 |a Alcoolisme  |v Périodiques. 
650 6 |a Toxicomanie  |v Périodiques. 
650 7 |a Alcoholism.  |2 fast  |0 (OCoLC)fst00804461 
650 7 |a Drug addiction.  |2 fast  |0 (OCoLC)fst01430217 
655 0 |a Electronic journals. 
710 2 |a Society for the Study of Addiction to Alcohol and Other Drugs. 
776 0 8 |i Print version:  |t Addiction (Abingdon, England)  |x 0965-2140  |w (DLC) 93645978  |w (OCoLC)27367194 
856 4 0 |z Full text available from Research Library: 01/01/1997 to 11/30/2000  |u https://search.proquest.com/publication/37458